000 01199nam a22003497a 4500
003 CHAP
005 20220329141741.0
008 971013s1992 r 00010 d
010 _a73322
011 _a74294
035 _a83853
040 _cCHAP
082 _a332.67
_bR8
100 0 0 _aRuiz Torres, José.
_9100794
245 _aEvaluación de proyectos agropecuarios
260 _aChapingo, Méx. :
_bUACH. Departamento de Zonas Aridas,
_c1992
300 _a153 p.
490 _aUACH. Departamento de Zonas Aridas. Area : Socioeconómica
590 _aBATCH-UPD
_b10
_c20130110
_lUCH01
_h0317
590 _aBATCH-UPD
_b10
_c20130110
_lUCH01
_h1511
590 _aBATCH-UPD
_b10
_c20130409
_lUCH01
_h2350
590 _aBATCH-UPD
_b10
_c20130914
_lUCH01
_h1813
590 _aCONVERSION
_b10
_c20130109
_lUCH01
_h1340
650 1 4 _aMercadeo.
_974880
650 1 4 _aPrecios.
_991344
650 1 4 _aProyectos
_xEvaluación.
_992525
830 0 _aUACH. Departamento de Zonas Aridas. Area : Socioeconómica
_9115901
901 _aBK
942 _cLIBRO
949 _a332.67 R8
_bBC
_cLIBRO
_d33724000326930
_eLIBRO
_h86890
_i83853
_mD
_si
949 _a332.67 R8
_bBC
_cUACH
_d-38711
_eUACH
_fc.2
_h86891
_i83853
_mD
_si
999 _c73322
_d73322